Responses for Show #9032 - Tuesday, February 6, 2024

2024 Champions Wildcard Group 2 quarterfinal game 2.

Contestants

[<< previous game]

Matt Harvey, a healthcare administrator from Providence, Rhode Island

Crystal Zhao, a tech consultant from Bloomington, Minnesota

Deb Bilodeau, a restaurant server from San Francisco, California

[next game >>]

Jeopardy! Round responses

THE 1970s
2 BOOKS IN 1
(Ken: You'll need to name both books by the same author that we've combined here.)
ACTUALLY, THIS IS MY FIRST RODEO
FAMOUS PAIRS
AVENGERS, WHO SAID IT?
(Ken: You'll name the character.)
13-LETTER WORDS
    $200 30
the Walkman

Matt
    $200 22
(Ken: Got 'em both.)

Pet Sematary & 'Salem's Lot

Crystal
    $200 1
(Deb: ACTUALLY, THIS IS MY FIRST RODEO for $200.)
(Ken: But it's not.)
[Deb chuckles.]
...
(Crystal: What are hooves?)

spurs

DebCrystal
    $200 29
[The V was displayed as lower case.]
(Deb: Bring it.)

Romeo & Juliet

Deb
    $200 28
Spider-Man

Matt
    $200 26
featherweight

Deb
    $400 20
(Matt: Uh, what is China?)
...
(Ken: [*] is right, China came earlier.)

India

DebMatt
    $400 21
In Cold Blood & Breakfast at Tiffany's

Crystal
    $400 25
poker

Crystal
    $400 23
(Ken: Burt & Irv.)

Baskin & Robbins

Deb
    $400 27
Iron Man

Deb
    $400 24
(Ken: "I went down to the [*]", Mick Jagger sings.)

demonstration

Triple Stumper
    $600 19
Gilda Radner

Matt
    $600 4
(Ken: Yes, by E.M. Forster.)
[Matt did not include the leading article when naming the second title.]

A Room with a View & A Passage to India

Matt
    $600 2
rodeo clown

Deb
    $600 5
Fred Astaire & Ginger Rogers

Deb
    $600 7
the Incredible Hulk

Matt
    $600 18
(Deb: What is etymologist?)

lexicographer

Deb
Triple Stumper
    $800 14
busing

Deb
    $800 3
(Ken: By Hemingway, right.)

A Farewell to Arms & The Old Man and the Sea

Crystal
    $800 11
(Ken: But it's a long [*].)

8 seconds

Triple Stumper
    $800 6
Watson & Crick

Matt
    $800 8
Captain America

Deb
    $800 16
a quartermaster

Deb
    $1000 9
the Shah of Iran

Deb
    $1000 10
(Ken: That's correct, by John Irving.)

A Prayer for Owen Meany & The World According to Garp

Matt
    $1000 12
Calgary

Matt
    $2,300 15
(Deb: [Groans loudly] Um, who is... Livingstone...)

Henry Stanley & Livingstone

Deb
    $1000 13
Vision

Matt
    $1000 17
International

Triple Stumper

Scores at the first commercial break (after clue 15):

Deb Crystal Matt
$1,700 $600 $5,000

Scores at the end of the Jeopardy! Round:

Deb Crystal Matt
$3,500 $1,600 $5,600

Double Jeopardy! Round responses

AROUND THE ATLANTIC
LAYERS
IT'S A BIRD! IT'S A PLANE!
AT THE TINY DESK CONCERT
(Ken: Notable performances from the NPR series.)
SOONER
LATER, DUDE
    $400 28
the Indian Ocean

Deb
    $400 25
Troy

Matt
    $400 27
Falcon

Matt
    $400 29
Florence

Crystal
    $400 30
Garth Brooks

Triple Stumper
    $400 21
bounce

Matt
    $800 18
Greenland

Matt
    $800 24
an org. chart

Matt
    $800 26
the Duck

Triple Stumper
    $800 23
New Orleans

Deb
    $800 22
Ellison

Matt
    $800 20
cheerio

Matt
    $1200 8
Panama

Triple Stumper
    $1200 11
Missile Defense

Matt
    $1200 3
he had no engine power at all

Triple Stumper
    $1200 13
T-Pain

Matt
    $1200 10
(Deb: Who is Gus Grissom?)
(Matt: Who is Glenn?)

Gordon Cooper

DebMatt
Triple Stumper
    $1200 1
a mic drop

Crystal
    $1600 7
the Orinoco

Matt
    $1600 5
(Ken: Correct, or wait for an eclipse.)

corona

Deb
    $1600 4
the English Channel

Deb
    $1600 12
Smokey Robinson

Matt
    $4,000 9
Woody Guthrie

Matt
    $1600 2
godspeed

Matt
    $2000 17
(Matt: What are... are the Canary Islands?)

the Azores

CrystalMatt
    $2000 6
the abdominal wall

Matt
    $4,000 19
(Matt: [Exhales] What's a stork?)
(Ken: No, I'm sorry, associated with nursing because of Florence [*].)
(Matt: Oh, man, that makes more sense.)

Nightingale

Matt
    $2000 16
Randy Newman

Deb
    $2000 15
Paul Harvey

Triple Stumper
    $2000 14
sayonara

Deb

Scores at the end of the Double Jeopardy! Round:

Deb Crystal Matt
$10,700 $5,200 $16,000

[wagering suggestions for these scores]

Final Jeopardy! Round responses

LITERARY CHARACTERS
(Ken: The German word for "short" is [*]--Mr. [*] from Heart of Darkness is the enigmatic character in question.)
CrystalWhat is?
$300
DebWhat— Hi Mom! ♡
$0
MattWhat is Shorty?
$5,401
Kurtz

Final scores:

Deb Crystal Matt
$10,700 $4,900 $10,599
Winner: semifinalist 3rd place: $5,000 2nd place: $5,000

Game dynamics:

Coryat scores:

Deb Crystal Matt
$13,000 $5,200 $17,600
18 R,
3 W
(including 1 DD)
7 R,
1 W
23 R
(including 1 DD),
4 W
(including 1 DD)

Combined Coryat: $35,800

[game clues] [game scores] [suggest correction]

Game tape date: 2024-01-17
The J! Archive is created by fans, for fans. Scraping, republication, monetization, and malicious use prohibited; this site may use cookies and collect identifying information. See terms. The Jeopardy! game show and all elements thereof, including but not limited to copyright and trademark thereto, are the property of Jeopardy Productions, Inc. and are protected under law. This website is not affiliated with, sponsored by, or operated by Jeopardy Productions, Inc. Join the discussion at JBoard.tv.